| 000 | 02359nam0a2200373 4500 | ||
|---|---|---|---|
| 001 | RU\NLR\bibl\1060566 | ||
| 005 | 20250130125021.0 | ||
| 010 |
_a5-902711-72-X _bв обл. _91000 |
||
| 021 |
_aRU _b2007-4389 _9222 |
||
| 035 | _a(NLR Aleph) 001047840 | ||
| 090 |
_a859566 _c859566 |
||
| 100 | _a20070316d2006 k y0rusy50 ca | ||
| 101 | 0 | _arus | |
| 102 | _aRU | ||
| 105 | _aa ||||||||| | ||
| 200 | 1 |
_aЛитературно-педагогические Лихановские чтения, 6 октября 2005 года _eсборник материалов _e[доклады и выступления участников Научно-практической конференции, проходившей в рамках V Лихановских чтений] |
|
| 210 |
_aБелгород _cКонстанта _d2006 |
||
| 215 |
_a69 с., [6] л. цв. ил. _d20 |
||
| 300 | _aВ надзаг.: Администрация Белгор. обл., Упр. культуры Белгор. обл., Белгор. гос. ин-т культуры, Белгор. гос. ун-т [и др.] | ||
| 320 | _aБиблиогр.: с. 68-69 и в подстроч. примеч. | ||
| 600 | 1 |
_aЛиханов _bА.А. _f1935 - 2021 _gАльберт Анатольевич _jСъезды, совещания и т.п. _9955046 _3RU\NLR\auth\66355765 |
|
| 606 | 1 |
_aДетские библиотеки _jСъезды, совещания и т.п. _xРабота с читателем _92083933 _3RU\NLR\AUTH\661260007 |
|
| 686 | _aЧ34(2)46я431 | ||
| 686 | _aШ9(2)1=Р7-4Лиханов | ||
| 686 | _aЧ739.511.325я431 | ||
| 702 | 1 |
_4570 _7ca _8rus _aЛиханов _bА. А. _f1935-2021 _gАльберт Анатольевич _93860 _3RU\NLR\AUTH\7720794 |
|
| 710 | 1 | 2 |
_aЛитературно-педагогические Лихановские чтения _d5 _eБелгород _f2005 _9692797 _3RU\NLR\AUTH\8810095777 |
| 711 | 1 | 2 |
_a"Современное детство в контексте решения актуальных проблем духовно-нравственного воспитания", научно-практическая конференция _eБелгород _f2005 _9692799 _3RU\NLR\AUTH\8810095778 |
| 801 | 0 |
_aRU _bNLR _c20070316 _gRCR |
|
| 801 | 1 |
_aRU _bNLR _c20070316 |
|
| 942 | _cBOOK | ||
| 980 | _aNB | ||